000 01149nam0a22002771 4500
001 rc\4333444
005 20260407144852.0
021 _aRU
_b68-75304
021 _aRU
_bРг7026-68
035 _a(NLR Aleph) 008271630
090 _a8459868
_c8459868
100 _a20130416d1968 |||y0rusy50 ca
101 0 _arus
102 _aRU
105 _ay z |||||
200 1 _aТеоретические основы термической переработки сланца с твердым теплоносителем
_fСимпозиум ООН по разработке и использованию горючих сланцев. Секция III
210 _aТаллин
_cБ. и.
_d1968
215 _a21 с.
_d21
300 _aОтпеч. множит. аппаратом
700 1 _aГубергриц
_bМ.Я.
_gМарк Яковлевич
712 0 2 _aООН
_bСимпозиум по разработке и использованию горючих сланцев
_f1968
_eТаллин
_3RU\NLR\AUTH\8810020401
_9538794
801 0 _aRU
_bNLR
_gpsbo
801 1 _aRU
_bELAR
_2rusmarc
852 _aNLR
_j68-4/22293
942 _cBOOK
980 _aNB